000 00411nam a2200169Ia 4500
005 20250430052053.0
008 240331s9999 xx 000 0 und d
020 _a9559566903
082 _bWEE
_a891
100 _aWeerasundara,S
245 0 _aSekara dutu samaja yatharthaya
260 _aMaharagama
_bTharanchi Printers
_c1994
300 _aVii, 211 p .,
650 _aPoems
650 _aEssays
942 _cL
999 _c4824
_d4824